Universität Regensburg Jahresbericht 2000
Salvato in:
| Natura: | Libro |
|---|---|
| Lingua: | tedesco |
| Pubblicazione: |
Regensburg
Der Rektor der Universität Regensburg
2000
|
| Soggetti: | |
| Tags: |
Nessun Tag, puoi essere il primo ad aggiungerne!!
|
MARC
| LEADER | 00000nam a2200000 4500 | ||
|---|---|---|---|
| 001 | c129276 | ||
| 005 | 20240404070240.4 | ||
| 022 | |a 1439-6068 | ||
| 041 | 0 | |a ger | |
| 044 | |a DE | ||
| 245 | 1 | 0 | |a Universität Regensburg |b Jahresbericht 2000 |
| 264 | 1 | |a Regensburg |b Der Rektor der Universität Regensburg |c 2000 | |
| 300 | |a 184 s. | ||
| 610 | 2 | 0 | |a školy vysoké |
| 610 | 2 | 0 | |a univerzity |